01423nam a2200157 4500008001700000020001800017082002200035100002500057245009500082260005100177300003000228505078400258650008901042999001501131952011901146759.972.86 L213c a9789968492058 a759.972.86bL213c aLam Chen, Iris96541 a¿Cómo está el arroz y cómo cocinar en el mercado costarricense de arte pictórico? aSan José, Costa RicabGlobal Metro Artc2017 a176 p.billc21.6 x 28 cm tDedicatoriatAgradecimientotPrólogotPresentacióntIntroduccióntíndicetÍndice de cuadrostÍndice de figurastCapítulo I: Hablemos sobre el arte y el mercadotCapítulo II: Hablemos sobre el mercado del arte tCapítulo III: ¿Cómo está el arroz? Las características del mercado costarricense de obras pictóricastCapítulo IV: ¿Por qué estamos comiendo arroz? Los factores motivacionales de los compradores de obras pictóricastCapítulo V: ¿Cuáles son las recetas favoritas? Estrategias comerciales de los pintores establecidostCapítulo VI: ¿Cómo preparar una receta gustosa? Diseño de una estrategia comercial para los pintores emergentestCapítulo VII: ResumamostCapítulo VIII: Recomendamos para cocinartGlosariotReferencias xarte contemporáneoxarte - pinturaxarte - pintura costarricensexCosta Rica96557 c1564d1564 00102ddc4070aLVbLVcPensamientod2018-07-19l0o759.972.86 L213cp004572r2018-07-19 00:00:00w2018-07-19y01